| 000 | 00524nab a2200181 a 4500 | ||
|---|---|---|---|
| 005 | 20210219161316.0 | ||
| 008 | 991125s1985 mx 000 0 spa u | ||
| 035 | _aUPN01000182911 | ||
| 100 | 1 | _aArellano Ríos, Alberto | |
| 222 | _aREVISTA MEXICANA DE SOCIOLOGIA | ||
| 245 | _aLos notarios de Jalisco : estructura y coyuntura en un campo profesional | ||
| 300 | _a475-508 | ||
| 362 | 0 | _a2011 Año 73, no. 3, jul.-sept. | |
| 653 | 0 | _aNOTARIOS | |
| 653 | 0 | _aJALISCO, MEXICO | |
| 653 | 0 | _aDERECHO | |
| 905 | _aArticulo | ||
| 999 |
_c155014 _d155014 |
||